000 00949nam a22002177a 4500
005 20171129122321.0
010 _aUR-9873
020 6 _c15.00
035 _aU-8428
037 _bDBAD/PUB
082 _a070.4
100 _aعمر حیات خا ن غو ر ی
245 _a یکساں سو ل کو ڈ تا ر یخ کے تناظر میں
_cعمر حیات خا ن غو ر ی
246 _b
_aYaksan Civil Code:Tareekh Ke Tanazur mein
250 _aby Prof. Umer Hayat Khan Ghouri
260 _a نئی د لی
_bMerkazi Maktaba Islami Publishers
_c2000
270 _aD307,Dawat Nagar,Abul Fazal Enclave,Jamia Nagar ,
_b New Delhi
_e110025
_k01126971652
_l-
300 _a96ص
_c22 Cm.(B.b)
500 _aدو حصہ
942 _2ddc
_cUR
_h070.4
_mع م ر
_e
999 _c147085
_d147085